| 000 | 01173cab a2200301 4500 | ||
|---|---|---|---|
| 001 | ABS46250 | ||
| 008 | 090401t1992 xxu||||| |||| 00| 0 eng d | ||
| 035 | _a(Sirsi) u57364 | ||
| 041 | _aeng | ||
| 100 | _aBright, S. | ||
| 245 | _aProtecting multiple occupancy - Brady revisited | ||
| 260 | _c1992 | ||
| 350 | _a0 | ||
| 490 |
_aNew Law Journal _v142(6549) 24 April 1992, 575-578(4) |
||
| 520 | _aAnalyses the issue of shared accommodation and whether this precludes a joint tenancy. Explores the four unities of interest, time, title and possession, all which must exist to claim a joint tenancy. Refers to "AG Securities v Vaughan" 1988 and "Mikeover v Brady" 1989. | ||
| 650 | _aEXCLUSIVE POSSESSION | ||
| 650 | _aFOUR UNITIES | ||
| 650 | _aJOINT TENANCIES | ||
| 650 | _aLEASE V LICENCE | ||
| 650 | _aLICENCES | ||
| 650 | _aMULTIPLE OCCUPANCY | ||
| 650 | _aPROPERTY-RESIDENTIAL PROPERTY-RESIDENTIAL LANDLORD AND TENANT-RESIDENTIAL TENANCIES | ||
| 650 | _aSECURITY OF TENURE | ||
| 650 | _aSHARED ACCOMMODATION | ||
| 690 | _aPROPERTY-RESIDENTIAL PROPERTY-RESIDENTIAL LANDLORD AND TENANT-RESIDENTIAL TENANCIES | ||
| 942 | _n0 | ||
| 948 | _c04/03/1997 | ||
| 999 |
_c34969 _d34969 |
||